000 00353 a2200157 4500
001 74309
020 _a
040 _cAnchieta - Colégio São Paulo
100 _aLajola, Marisa
240 1 0 _aCrônica em sala de aula
_lpor
245 1 0 _aCrônica em sala de aula
300 _a87
362 0 _a2004
650 4 _aCrônicas portuguesas
942 _cBK
999 _c74309
_d74309